Parole che iniziano con la "V" - Statistics

Statistiche generali
  • Questo quiz è stato fatto 272 volte
  • Il punteggio medio è 10 su 15
Statistiche sulle risposte
INDIZIO RISPOSTA % Corretto
Dottore che cura gli animali Veterinario
99%
Ha distrutto Pompei ed Ercolano Vesuvio
95%
Il giorno precedente ad un evento Vigilia
89%
Pianta sotto la quale ci si bacia a Natale Vischio
88%
Piccole abitudini non molto corrette che abbiamo tutti Vizi
88%
Il nome romana della dea Afrodite Venere
86%
Quelle di latino sono molto temute dagli studenti Versioni
85%
In epoca feudale era un uomo che serviva un signore Vassallo
83%
Unico paese con questa lettera in Oceania Vanuatu
70%
Il contrario della risposta sopra Virtù
68%
Azienda lituana che ha reso facile la vendita e l'acquisto di oggetti usati Vinted
52%
Piccolo strumento usato per rinfrescare il proprio viso Ventaglio
39%
Band che ha fatto la canzone "Jump!" Van Halen
21%
Imperatore romano catturato ed ucciso dal re dei Parti Shapūr Valeriano
9%
Appartenente ad un passato vicino con un valore di grandezza ed importanza Vetusto
9%
Nessun quiz corrispondente trovato
Distribuzione punteggi
Percentuale di utenti per punteggio
Percentile per numero di risposta
I tuoi punteggi nel tempo
Non hai fatto questo quiz